|
|
|
|
| LEADER |
00000nam0a2200000 4500 |
| 001 |
155216 |
| 005 |
20231101221824.0 |
| 010 |
|
|
|a 9785222144312
|
| 035 |
|
|
|a (RuTPU)RU\TPU\book\168385
|
| 090 |
|
|
|a 155216
|
| 100 |
|
|
|a 20090312d2008 m y0rusy50 ca
|
| 101 |
0 |
|
|a rus
|
| 102 |
|
|
|a RU
|
| 105 |
|
|
|a y j 001zy
|
| 200 |
1 |
|
|a Поведение потребителей: теория и практика
|e учебное пособие для вузов
|f Т. А. Зотова
|
| 210 |
|
|
|a Ростов-на-Дону
|c Феникс
|d 2008
|
| 215 |
|
|
|a 222 с.
|
| 225 |
1 |
|
|a Высшее образование
|
| 320 |
|
|
|a Библиография в конце глав.
|
| 330 |
|
|
|a В рамках данного учебного пособия раскрываются современные подходы к изучению потребностей и поведенческих реакций покупателей товаров и услуг, предлагаются материалы, позволяющие сформулировать практические рекомендации по использованию методов исследования поведения потребителей и построению маркетинговых стратегий фирмы с учетом полученных результатов. Рекомендуется студентам экономических специальностей, преподавателям, маркетологам, производителям товаров и услуг и всем, чья профессиональная деятельность предполагает знание основ поведения потребителей.
|
| 606 |
1 |
|
|a Потребители
|x Поведение
|2 stltpush
|3 (RuTPU)RU\TPU\subj\36656
|9 57957
|
| 610 |
1 |
|
|a потребности
|
| 610 |
1 |
|
|a потребительское поведение
|
| 610 |
1 |
|
|a маркетинговые стратегии
|
| 610 |
1 |
|
|a рынок
|
| 610 |
1 |
|
|a сегментация
|
| 610 |
1 |
|
|a планирование
|
| 610 |
1 |
|
|a кросс-культурные исследования
|
| 610 |
1 |
|
|a социальная стратификация
|
| 610 |
1 |
|
|a психология
|
| 610 |
1 |
|
|a стиль жизни
|
| 610 |
1 |
|
|a ценности
|
| 610 |
1 |
|
|a потребительские решения
|
| 610 |
1 |
|
|a исследования
|
| 610 |
1 |
|
|a мотивации
|
| 610 |
1 |
|
|a учебные пособия
|
| 610 |
1 |
|
|a потребление
|
| 610 |
1 |
|
|a глобализация
|
| 610 |
1 |
|
|a коммуникационные стратегии
|
| 610 |
1 |
|
|a социальный статус
|
| 610 |
1 |
|
|a персональные ценности
|
| 610 |
1 |
|
|a мотивации
|
| 610 |
1 |
|
|a методы
|
| 686 |
|
|
|a У9(2)422-36я73
|v LBC/SL-A
|2 rubbk
|
| 686 |
|
|
|a У9(2)212.4я73
|v LBC/SL-A
|2 rubbk
|
| 700 |
|
1 |
|a Зотова
|b Т. А.
|g Татьяна Алексеевна
|
| 801 |
|
1 |
|a RU
|b 63413507
|c 20090312
|g PSBO
|
| 801 |
|
2 |
|a RU
|b 63413507
|c 20130116
|g PSBO
|
| 900 |
|
|
|a Поведение потребителей
|
| 942 |
|
|
|c BK
|
| 955 |
|
|
|d Поведение потребителей
|
| 959 |
|
|
|a 18/20090203
|d 1
|e 0
|f ЧЗГЛ:1
|